000 00334nam a2200121Ia 4500
008 220204s9999 xx 000 0 und d
082 _a633.72(548)
_bHUD
100 _aHudson, J B
245 0 _aGuidelines on tea culture in South India
250 _aEd.6
260 _aCoonoor, Nilgiris
_bUPASI Krishi Vigyan Kendra
_c1997
942 _cBK
999 _c43961
_d43961